00783nam a2200205 i 450000100060000000300090000600500170001500700030003200800410003510000250007624501130010125000130021426000420022730000270026949000520029683000600034885200310040899900170043995201210045635213ES-MaACL20230906155057.0t|030212s1950 fr ||||1| fre d1 aBorel, Emile.93042810aLeçons sur la théorie des fonctions b: . (principes de la Théorie des ensembles) / cpar Emile Borel. a4eme ed. aParís : bGauthier-Villars, c1950. aXII, 295 p. ; c26 cm.1 aNouvelles leçons sur la theorie des fonctions0 aNouvelles leçons sur la theorie des fonctions9181557 aES-MaACLjD-6877 bR.31067 c35213d35213 00104070aATENEOMbATENEOMcSVId2008-01-17eSCl0oD-6877p901036840r2023-02-23 00:00:00w2023-02-23yMONOGRAFIA